Southville International School and Colleges
Your cart is empty.
  • Cart
  • Lists
    Public lists Eva Luna New books Lux_list list_1
    Your lists Log in to create your own lists
  • Log in to your account
  • Your cookies
  • Search history
Southville International School and Colleges
  • Advanced search
  • Recent comments
  • Most popular
  • Libraries

Log in to your account

Log in with GOOGLE


If you do not have an external account, but do have a local account, you can still log in:

  1. Home
  2. MARC view: That crumpled paper was due last week :
Normal view MARC view ISBD view

That crumpled paper was due last week : (Record no. 16361)

[ view plain ]
MARC details
000 -LEADER
fixed length control field 00694nam a22002297a 4500
003 - CONTROL NUMBER IDENTIFIER
control field OSt
005 - DATE AND TIME OF LATEST TRANSACTION
control field 20140310182820.0
008 - FIXED-LENGTH DATA ELEMENTS--GENERAL INFORMATION
fixed length control field 130304t xxu||||| |||| 00| 0 eng d
020 ## - INTERNATIONAL STANDARD BOOK NUMBER
International Standard Book Number 9780399535598
050 ## - LIBRARY OF CONGRESS CALL NUMBER
Classification number HQ 775
Item number .H75 2010
100 ## - MAIN ENTRY--PERSONAL NAME
Personal name Homayoun, Ana
245 ## - TITLE STATEMENT
Title That crumpled paper was due last week :
Remainder of title helping disorganized and distracted boys succeed in shcool and life
Statement of responsibility, etc Ana Homayoun
260 ## - PUBLICATION, DISTRIBUTION, ETC. (IMPRINT)
Place of publication, distribution, etc New York
Name of publisher, distributor, etc Penguin Group
Date of publication, distribution, etc 2010
300 ## - PHYSICAL DESCRIPTION
Extent 287 p.
Dimensions 24 cm
521 ## - TARGET AUDIENCE NOTE
Target audience note
650 ## - SUBJECT ADDED ENTRY--TOPICAL TERM
Topical term or geographic name as entry element Parenting
General subdivision United States
650 ## - SUBJECT ADDED ENTRY--TOPICAL TERM
Topical term or geographic name as entry element Success
General subdivision Psychological aspects
650 ## - SUBJECT ADDED ENTRY--TOPICAL TERM
Topical term or geographic name as entry element Time management
650 ## - SUBJECT ADDED ENTRY--TOPICAL TERM
Topical term or geographic name as entry element Boys
General subdivision United States
942 ## - ADDED ENTRY ELEMENTS (KOHA)
Source of classification or shelving scheme Library of Congress Classification
Koha item type Books
Call number prefix Foreign
Holdings
Withdrawn status Lost status Source of classification or shelving scheme Damaged status Home library Current library Shelving location Date acquired Total Checkouts Full call number Barcode Date last seen Copy number Price effective from Koha item type
    Library of Congress Classification   College Library College Library General Circulation Section 03/04/2013   HQ 775 .H75 2010 C11919 05/15/2018 1 03/04/2013 Books

That crumpled paper was due last week :

APA

Homayoun A., . (2010). That crumpled paper was due last week. New York: Penguin Group.

Chicago

Homayoun Ana, . 2010. That crumpled paper was due last week. New York: Penguin Group.

Harvard

Homayoun A., . (2010). That crumpled paper was due last week. New York: Penguin Group.

MLA

Homayoun Ana, . That crumpled paper was due last week. New York: Penguin Group. 2010.

  • Place hold
  • Print
  • Cite
  • Add to your cart (remove)
  • Save record
    BIBTEX Dublin Core MARCXML MARC (non-Unicode/MARC-8) MARC (Unicode/UTF-8) MARC (Unicode/UTF-8, Standard) MODS (XML) RIS
  • More searches
    Search for this title in:
    Other Libraries (WorldCat) Other Databases (Google Scholar) Online Stores (Bookfinder.com) Open Library (openlibrary.org)

Exporting to Dublin Core...

SOUTHVILLE LIBRARY

Southville International School and Colleges Library

1281 Tropical Ave. Cor. Luxembourg St., BF Homes International, Las Pinas City

Tel. No. 8256374 / 252358 Loc. 117/146

Powered by Koha